01677nam a22004097a 4500003000500000005001700005008004100022010000900063011000900072035000900081040000900090090001000099100003900109245019400148260004000342300002200382500001100404502007800415590003700493590004100530590004100571590004100612590004100653590004200694650003400736650002300770650003500793650003500828650003400863901000700897942000900904949004100913949004600954999001501000952012501015952012701140CHAP20220329133354.0971013s1991 r 00010 d a5594 a6566 a5786 cCHAP aTesis00aFalcón Estrada, Humberto.939387 aControl químico de la cenicilla (Sphaeroteca pannosa (Wallr.) Lev. var. Persica War.) y pudrición morena (Monilina fructícola (Wint.) Honey) en durazno en Buena vista, Mich., México aChapingo, Méx. :bEl Autor,c1991 a85 h.b; gráfs. a58-133 aTesis (Ing. Agr. Esp. en Fitotecnia). -- UACH. Departamento de Fitotecnia aALEPHb10c20130110lUCH01h1216 aBATCH-UPDb10c20130109lUCH01h2308 aBATCH-UPDb10c20130110lUCH01h0951 aBATCH-UPDb10c20130410lUCH01h0604 aBATCH-UPDb10c20130914lUCH01h1224 aCONVERSIONb10c20130109lUCH01h130414aDuraznoxEnfermedades.93459414aFungicidas.94404414aHongos fitopatógenos.95613214aSclerotinia fruticola.910334014aSphaerotheca pannosa.9109209 aBK cFOLL bBCcTESd-15381eTS1h24752i5786si bBCcTESd-75681eTS2fc.2h24776i5786si c5594d5594 00102local4053708TESISaBCbBCcPA_TESISd2019-12-31fTESISl0p-75681r2019-12-31 00:00:00tc.2w2019-12-31yTESIS 00102local4051708TESISaBCbBCcPA_TESISd2019-12-31fTESISl0oTesisp-15381r2019-12-31 00:00:00w2019-12-31yTESIS